Normal view
MARC view
- Lec. Fahad Hassan
Entry Personal Name
001 - CONTROL NUMBER
- control field: 71340
003 - CONTROL NUMBER IDENTIFIER
- control field: NUST
005 - DATE AND TIME OF LATEST TRANSACTION
- control field: 20210628204626.0
008 - FIXED-LENGTH DATA ELEMENTS
- fixed length control field: 210628|| aca||aabn | a|a d
040 ## - CATALOGING SOURCE
- Original cataloging agency: NUST
- Transcribing agency: NUST
100 ## - HEADING--PERSONAL NAME
- Personal name: Lec. Fahad Hassan
670 ## - SOURCE DATA FOUND
- Source citation: Work cat.: (NUST): GC Muhammad Ubaid Ur Rehman, GC Sarosh Sagheer 71339, PR-SOF-1460-ENERGY EFFICIENT HVAC SYSTEM DESIGN FOR A HIGH RISE BUILDING, 2015
